[Event "Landesliga Nord 1112"]
[Site "Bayern"]
[Date "2011.11.20"]
[Round "3.4"]
[White "Feustel, Bernd"]
[Black "Kotz, Reinhard"]
[Result "0-1"]
[WhiteElo "2210"]
[BlackElo "2118"]
[PlyCount "74"]
[EventDate "2011.10.02"]
[EventType "team-tourn"]
[EventRounds "9"]
[EventCountry "GER"]
[SourceTitle "EXT 2013"]
[Source "ChessBase"]
[SourceDate "2012.11.22"]
[SourceVersion "1"]
[SourceVersionDate "2012.11.22"]
[SourceQuality "1"]
[WhiteTeam "Schweinfurt"]
[BlackTeam "Puschendorf"]
[WhiteTeamCountry "GER"]
[BlackTeamCountry "GER"]

1. Nf3 Nc6 2. c4 e5 3. Nc3 Nf6 4. g3 h6 5. e4 Bc5 6. Bg2 d6 7. 0-0 0-0 8. d3 Nd4 9. Nxd4 Bxd4 10. Ne2 Bg4 11. h3 Bxe2 12. Qxe2 a6 13. Kh2 b5 14. f4 bxc4 15. dxc4 c5 16. f5 Rb8 17. Rb1 Rb7 18. Rf3 Nd7 19. Ra3 Qa8 20. g4 f6 21. h4 Rfb8 22. g5 hxg5 23. hxg5 fxg5 24. Rg3 Nf6 25. b3 Kf7 26. Bxg5 Rh8+ 27. Bh3 Nh5 28. Rd3 Nf4 29. Bxf4 exf4 30. Qg4 Re7 31. Qg6+ Kf8 32. Rxd4 Rh6 33. f6 Rxg6 34. fxe7+ Kxe7 35. Rd5 Qh8 36. e5 Rg3 37. exd6+ Kd8 0-1

[Event "Oberliga Bayern 0910"]
[Site "Bayern"]
[Date "2010.02.07"]
[Round "6.4"]
[White "Feustel, Bernd"]
[Black "Wulfmeyer, Johannes"]
[Result "1-0"]
[WhiteElo "2243"]
[BlackElo "2157"]
[PlyCount "77"]
[EventDate "2009.10.18"]
[EventType "team-tourn"]
[EventRounds "9"]
[EventCountry "GER"]
[SourceTitle "EXT 2011"]
[Source "ChessBase"]
[SourceDate "2010.11.26"]
[SourceVersion "1"]
[SourceVersionDate "2010.11.26"]
[SourceQuality "1"]
[WhiteTeam "Bad Koenigshofen"]
[BlackTeam "Nuernberg NT II"]
[WhiteTeamCountry "GER"]
[BlackTeamCountry "GER"]

1. Nf3 Nf6 2. c4 e6 3. g3 b6 4. Bg2 Bb7 5. 0-0 Be7 6. d4 0-0 7. Nc3 d6 8. Qc2 c5 9. d5 exd5 10. cxd5 Nbd7 11. e4 a6 12. a4 Qc7 13. Rd1 Rfe8 14. h3 Bf8 15. g4 g6 16. Bf4 Rac8 17. Bg3 Qb8 18. Nd2 c4 19. Bf1 Ba8 20. Nxc4 b5 21. axb5 axb5 22. Na5 b4 23. Nc6 Bxc6 24. dxc6 Rxc6 25. Qa4 Rc5 26. Nd5 Rxe4 27. Nxf6+ Nxf6 28. Bg2 Re8 29. Qb3 Ne4 30. Bf4 Qb5 31. Be3 Rc7 32. Rd4 d5 33. Rxd5 Qc4 34. Qa4 Qxd5 35. Qxe8 Nf6 36. Qb8 Qd7 37. Ra8 Qd1+ 38. Bf1 Qd6 39. Bf4 1-0

[Event "Oberliga Bayern 0809"]
[Site "Bayern"]
[Date "2009.03.01"]
[Round "7.2"]
[White "Feustel, Bernd"]
[Black "Klundt, Klaus"]
[Result "0-1"]
[WhiteElo "2239"]
[BlackElo "2290"]
[PlyCount "46"]
[EventDate "2008.10.05"]
[EventType "team-tourn"]
[EventRounds "9"]
[EventCountry "GER"]
[SourceTitle "EXT 2020"]
[Source "ChessBase"]
[SourceDate "2019.10.17"]
[SourceVersion "1"]
[SourceVersionDate "2019.10.17"]
[SourceQuality "1"]
[WhiteTeam "Koenigshofen"]
[BlackTeam "Burgsinn"]
[WhiteTeamCountry "GER"]
[BlackTeamCountry "GER"]

1. Nf3 Nf6 2. c4 c6 3. g3 d5 4. b3 Bg4 5. Bg2 e6 6. Bb2 Nbd7 7. 0-0 Bd6 8. d4 0-0 9. Ne5 Bh5 10. h3 Qc7 11. f4 Ne4 12. g4 Bg6 13. Nxg6 fxg6 14. e3 g5 15. c5 Ndxc5 16. dxc5 Bxc5 17. Bd4 gxf4 18. Bxe4 Bxd4 19. Qxd4 f3 20. Rxf3 dxe4 21. Rf4 Rxf4 22. exf4 Qxf4 23. Qc3 Rf8 0-1

[Event "Oberliga Bayern 0809"]
[Site "Bayern"]
[Date "2009.01.18"]
[Round "5.3"]
[White "Feustel, Bernd"]
[Black "Vogel, Robert"]
[Result "0-1"]
[WhiteElo "2239"]
[BlackElo "2207"]
[PlyCount "60"]
[EventDate "2008.10.05"]
[EventType "team-tourn"]
[EventRounds "9"]
[EventCountry "GER"]
[SourceTitle "EXT 2020"]
[Source "ChessBase"]
[SourceDate "2019.10.17"]
[SourceVersion "1"]
[SourceVersionDate "2019.10.17"]
[SourceQuality "1"]
[WhiteTeam "Koenigshofen"]
[BlackTeam "Pang/Rosenheim"]
[WhiteTeamCountry "GER"]
[BlackTeamCountry "GER"]

1. c4 g6 2. g3 Bg7 3. Bg2 Nc6 4. Nc3 d6 5. e3 e5 6. Nge2 Nh6 7. 0-0 0-0 8. Rb1 Be6 9. d3 Qd7 10. Re1 Rae8 11. b4 Ne7 12. b5 b6 13. Qa4 Bh3 14. Bh1 f5 15. f4 g5 16. fxg5 Ng4 17. Nd5 Nxd5 18. Bxd5+ Kh8 19. Bc6 Qd8 20. Qxa7 f4 21. exf4 exf4 22. Bxf4 Rxf4 23. gxf4 Qe7 24. Be4 d5 25. Red1 dxe4 26. d4 Ne3 27. Rdc1 Bg4 28. Kf2 Nf5 29. c5 e3+ 30. Ke1 Qe4 0-1

[Event "Oberliga Bayern 0809"]
[Site "Bayern"]
[Date "2008.11.30"]
[Round "3.2"]
[White "Mischustov, Michael"]
[Black "Feustel, Bernd"]
[Result "1/2-1/2"]
[WhiteElo "2345"]
[BlackElo "2239"]
[PlyCount "81"]
[EventDate "2008.10.05"]
[EventType "team-tourn"]
[EventRounds "9"]
[EventCountry "GER"]
[SourceTitle "EXT 2020"]
[Source "ChessBase"]
[SourceDate "2019.10.17"]
[SourceVersion "1"]
[SourceVersionDate "2019.10.17"]
[SourceQuality "1"]
[WhiteTeam "Nuernberg NT"]
[BlackTeam "Koenigshofen"]
[WhiteTeamCountry "GER"]
[BlackTeamCountry "GER"]

1. e4 g6 2. d4 Bg7 3. Nc3 d6 4. g3 b6 5. Bg2 Bb7 6. Nge2 Nd7 7. 0-0 e5 8. Be3 Ne7 9. Qd2 0-0 10. f4 f5 11. dxe5 dxe5 12. Rad1 Nf6 13. fxe5 Nxe4 14. Qd7 Kh8 15. Nxe4 fxe4 16. Rxf8+ Qxf8 17. e6 Nf5 18. Bg5 Qc5+ 19. Kh1 Nd6 20. e7 Ne8 21. Bd2 Bc6 22. Qd8 Bxb2 23. c3 Ba3 24. Bc1 Qxe7 25. Qd4+ Ng7 26. Bxa3 Qxa3 27. Qf6 Qc5 28. Nd4 Bd5 29. Nb3 Bxb3 30. axb3 Rg8 31. Bxe4 Qf8 32. Qxf8 Rxf8 33. Rd7 Ne6 34. Re7 Nc5 35. Bd5 c6 36. Bxc6 Nxb3 37. Rxa7 Rc8 38. Bd5 Rxc3 39. Rb7 Rc1+ 40. Kg2 Nc5 41. Rxb6 1/2-1/2

[Event "Oberliga Bayern 0708"]
[Site "Bayern"]
[Date "2008.02.17"]
[Round "6.1"]
[White "Baldauf, Marco"]
[Black "Feustel, Bernd"]
[Result "1-0"]
[WhiteElo "2225"]
[BlackElo "2260"]
[PlyCount "123"]
[EventDate "2007.10.21"]
[EventType "team-tourn"]
[EventRounds "9"]
[EventCountry "GER"]
[SourceTitle "EXT 2009"]
[Source "ChessBase"]
[SourceDate "2008.11.26"]
[SourceVersion "1"]
[SourceVersionDate "2008.11.26"]
[SourceQuality "1"]
[WhiteTeam "Pang/Rosenheim"]
[BlackTeam "Koenigshofen"]
[WhiteTeamCountry "GER"]
[BlackTeamCountry "GER"]

1. e4 g6 2. d4 Bg7 3. Nc3 d6 4. g3 Nd7 5. Bg2 e6 6. f4 Ne7 7. Nf3 0-0 8. 0-0 b6 9. Qe2 Bb7 10. h3 a6 11. Bd2 c5 12. Be3 Nc6 13. Rad1 Qc7 14. d5 Na5 15. dxe6 fxe6 16. Bc1 Rfe8 17. Qd3 Nf6 18. Qxd6 Qxd6 19. Rxd6 Nc4 20. Rdd1 Nxe4 21. Nxe4 Bxe4 22. b3 Na5 23. Rfe1 Bc6 24. Ne5 Bxe5 25. fxe5 Bxg2 26. Kxg2 Nc6 27. Bg5 Nd4 28. c3 Nb5 29. Re3 Ra7 30. a4 Na3 31. Rd6 b5 32. a5 b4 33. cxb4 cxb4 34. Red3 Nb5 35. Rd8 Ra8 36. R8d7 Nc3 37. Bf6 Nd5 38. Rg7+ Kh8 39. Rb7+ Nxf6 40. exf6 Rf8 41. Rdd7 Rxf6 42. Rxh7+ Kg8 43. Rbg7+ Kf8 44. Rb7 Kg8 45. Rhe7 Rc8 46. h4 Kf8 47. Red7 e5 48. Rb6 Rf5 49. Rxg6 e4 50. Re6 Rxa5 51. Rxe4 Ra2+ 52. Kh3 a5 53. Ra7 Rb8 54. h5 a4 55. Rxa4 Rxa4 56. bxa4 b3 57. Re1 b2 58. Rb1 Kf7 59. Kh4 Kf6 60. a5 Kf5 61. g4+ Ke4 62. a6 1-0

[Event "Oberliga Bayern 0708"]
[Site "Bayern"]
[Date "2008.01.20"]
[Round "5.1"]
[White "Bernasek, Jan"]
[Black "Feustel, Bernd"]
[Result "1-0"]
[WhiteElo "2541"]
[BlackElo "2260"]
[PlyCount "47"]
[EventDate "2007.10.21"]
[EventType "team-tourn"]
[EventRounds "9"]
[EventCountry "GER"]
[SourceTitle "EXT 2009"]
[Source "ChessBase"]
[SourceDate "2008.11.26"]
[SourceVersion "1"]
[SourceVersionDate "2008.11.26"]
[SourceQuality "1"]
[WhiteTeam "Bamberg"]
[BlackTeam "Koenigshofen"]
[WhiteTeamCountry "GER"]
[BlackTeamCountry "GER"]

1. d4 Nf6 2. c4 c5 3. d5 Ne4 4. Qc2 Qa5+ 5. Nd2 Nd6 6. e4 g6 7. b3 Bh6 8. Ngf3 f5 9. Bb2 Rf8 10. Bc3 Qb6 11. e5 Nf7 12. Bd3 Na6 13. a3 Nc7 14. b4 d6 15. 0-0 dxe5 16. Nxe5 Nxe5 17. Bxe5 Na6 18. Rfb1 Qd8 19. Re1 Kf7 20. Bc3 Kg8 21. Nf3 b6 22. Qe2 Re8 23. Qe5 Kf7 24. Ng5+ 1-0

[Event "Oberliga Bayern 0708"]
[Site "Bayern"]
[Date "2007.11.25"]
[Round "3.1"]
[White "Kraft, Volker"]
[Black "Feustel, Bernd"]
[Result "1-0"]
[WhiteElo "2395"]
[BlackElo "2330"]
[PlyCount "75"]
[EventDate "2007.10.21"]
[EventType "team-tourn"]
[EventRounds "9"]
[EventCountry "GER"]
[SourceTitle "EXT 2009"]
[Source "ChessBase"]
[SourceDate "2008.11.26"]
[SourceVersion "1"]
[SourceVersionDate "2008.11.26"]
[SourceQuality "1"]
[WhiteTeam "Zirndorf"]
[BlackTeam "Koenigshofen"]
[WhiteTeamCountry "GER"]
[BlackTeamCountry "GER"]

1. e4 d5 2. exd5 Qxd5 3. Nc3 Qa5 4. d4 Nf6 5. Nf3 Bg4 6. h3 Bh5 7. Be2 Nc6 8. Bb5 0-0-0 9. Bxc6 bxc6 10. g4 Bg6 11. Ne5 Qa6 12. Be3 Nd7 13. Nxg6 hxg6 14. Qe2 Qxe2+ 15. Kxe2 e6 16. Ne4 Nf6 17. Nxf6 gxf6 18. h4 Bg7 19. h5 f5 20. hxg6 fxg6 21. gxf5 gxf5 22. Rxh8 Bxh8 23. c3 Kd7 24. Rh1 Bf6 25. Rh7+ Kc8 26. Rf7 Bh4 27. Rh7 Bf6 28. Bf4 Rd7 29. Rh6 Rf7 30. Rg6 Kd7 31. Rg8 Bd8 32. a4 Rh7 33. Rg1 Rh4 34. Rg7+ Kc8 35. Be5 c5 36. Rg8 Re4+ 37. Kd2 Kd7 38. f3 1-0

[Event "GER-ch 78th"]
[Site "Bad Koenigshofen"]
[Date "2007.01.23"]
[Round "5"]
[White "Beikert, Guenther"]
[Black "Feustel, Bernd"]
[Result "1/2-1/2"]
[WhiteElo "2434"]
[BlackElo "2319"]
[PlyCount "88"]
[EventDate "2007.01.19"]
[EventType "swiss"]
[EventRounds "9"]
[EventCountry "GER"]
[SourceTitle "CBM 116 Extra"]
[Source "ChessBase"]
[SourceDate "2007.03.07"]
[SourceVersion "1"]
[SourceVersionDate "2007.03.07"]
[SourceQuality "1"]

1. e4 g6 2. d4 Bg7 3. Nf3 d6 4. Be2 Nd7 5. 0-0 e6 6. Be3 Ne7 7. c4 h6 8. Qd2 b6 9. Nc3 Bb7 10. Rad1 Nf6 11. Qc2 0-0 12. h3 a6 13. e5 Nd7 14. Bf4 Nf5 15. Ne4 d5 16. cxd5 Bxd5 17. Nc3 Ne7 18. Nh2 b5 19. Ng4 h5 20. Ne3 c6 21. Bg5 Re8 22. Ne4 Bxe4 23. Qxe4 Qb6 24. Bxe7 Rxe7 25. Rc1 Nb8 26. g4 Rd7 27. Rcd1 hxg4 28. hxg4 Raa7 29. f4 c5 30. dxc5 Qxc5 31. Rc1 Qb6 32. Rc8+ Rd8 33. Rxd8+ Qxd8 34. Rd1 Rd7 35. Rxd7 Nxd7 36. g5 Nc5 37. Qb4 Bf8 38. Ng4 a5 39. Qc3 Na4 40. Qd3 Qxd3 41. Bxd3 Bc5+ 42. Kg2 b4 43. Nf6+ Kg7 44. Ne4 Bd4 1/2-1/2

[Event "GER-ch 78th"]
[Site "Bad Koenigshofen"]
[Date "2007.01.20"]
[Round "2"]
[White "Tischbierek, Raj"]
[Black "Feustel, Bernd"]
[Result "1/2-1/2"]
[WhiteElo "2486"]
[BlackElo "2319"]
[PlyCount "88"]
[EventDate "2007.01.19"]
[EventType "swiss"]
[EventRounds "9"]
[EventCountry "GER"]
[SourceTitle "CBM 116 Extra"]
[Source "ChessBase"]
[SourceDate "2007.03.07"]
[SourceVersion "1"]
[SourceVersionDate "2007.03.07"]
[SourceQuality "1"]

1. b3 c5 2. e3 Nf6 3. Bb2 Nc6 4. c4 g6 5. Bxf6 exf6 6. Nc3 Bg7 7. g3 0-0 8. Bg2 Nb4 9. d3 f5 10. Nge2 Rb8 11. 0-0 b6 12. a3 Nc6 13. d4 cxd4 14. exd4 Bb7 15. Rc1 Re8 16. d5 Na5 17. Nb5 Nxb3 18. Qxb3 Rxe2 19. Nxa7 Rb2 20. Qd3 Qf6 21. Nb5 f4 22. Rc2 Rxc2 23. Qxc2 Bf8 24. Bh3 Rd8 25. Qe4 fxg3 26. fxg3 Qb2 27. Qf4 f5 28. Qc1 Bc5+ 29. Kh1 Qxc1 30. Rxc1 Re8 31. Bf1 Re3 32. a4 Kg7 33. Kg2 Kf6 34. Rc2 Ke5 35. Be2 g5 36. h3 f4 37. gxf4+ Kxf4 38. Bg4 Rg3+ 39. Kh2 d6 40. Rc1 Rd3 41. Rf1+ Ke3 42. Re1+ Kf4 43. Rf1+ Ke3 44. Re1+ Kf4 1/2-1/2

[Event "Landesliga Nord 0607"]
[Site "Bayern"]
[Date "2006.10.29"]
[Round "2.1"]
[White "Lauer, Moritz"]
[Black "Feustel, Bernd"]
[Result "1/2-1/2"]
[WhiteElo "2242"]
[BlackElo "2264"]
[PlyCount "97"]
[EventDate "2006.10.15"]
[EventType "team"]
[EventRounds "9"]
[EventCountry "GER"]
[SourceTitle "EXT 2008"]
[Source "ChessBase"]
[SourceDate "2007.11.25"]
[SourceVersion "1"]
[SourceVersionDate "2007.11.25"]
[SourceQuality "1"]
[WhiteTeam "Puschendorf"]
[BlackTeam "Koenigshofen"]
[WhiteTeamCountry "GER"]
[BlackTeamCountry "GER"]

1. e4 g6 2. d4 Bg7 3. Nf3 d6 4. Bc4 e6 5. Bb3 b5 6. 0-0 Bb7 7. Re1 Ne7 8. Nbd2 Nd7 9. Nf1 c5 10. c3 0-0 11. Ng3 Qc7 12. h4 c4 13. Bc2 e5 14. a4 a6 15. h5 Rae8 16. hxg6 fxg6 17. Be3 Nc6 18. axb5 axb5 19. dxe5 Ndxe5 20. Ng5 h6 21. Qd5+ Kh8 22. Ne6 Rxe6 23. Qxe6 Nd8 24. Qh3 Bc8 25. Qh4 Ng4 26. Ra7 Nb7 27. e5 dxe5 28. Be4 Nxe3 29. fxe3 Qb6 30. Ra8 Nc5 31. Qe7 Nxe4 32. Nxe4 Qb7 33. Ra7 Qxe7 34. Rxe7 Rd8 35. Ra1 Bf5 36. Ng3 Bf6 37. Nxf5 gxf5 38. Re6 Rf8 39. Kf2 Kg7 40. Ra7+ Kg6 41. Rb7 f4 42. e4 Kg5 43. Rbb6 Rf7 44. Kf3 Bg7 45. Rxb5 Rd7 46. Rd5 Rb7 47. Rdd6 h5 48. Rg6+ Kh4 49. Rd1 1/2-1/2

[Event "Oberliga Bayern 0506"]
[Site "Bayern"]
[Date "2005.12.11"]
[Round "4.2"]
[White "Pribyl, Josef"]
[Black "Feustel, Bernd"]
[Result "1-0"]
[WhiteElo "2362"]
[BlackElo "2266"]
[PlyCount "71"]
[EventDate "2005.10.23"]
[EventType "team-tourn"]
[EventRounds "9"]
[EventCountry "GER"]
[SourceTitle "EXT 2007"]
[Source "ChessBase"]
[SourceDate "2006.11.23"]
[SourceVersion "1"]
[SourceVersionDate "2006.11.23"]
[SourceQuality "1"]
[WhiteTeam "Bamberg SC"]
[BlackTeam "Bad Koenigshofen"]
[WhiteTeamCountry "GER"]
[BlackTeamCountry "GER"]

1. e4 g6 2. d4 Bg7 3. Nc3 d6 4. f4 Nd7 5. Nf3 a6 6. a4 e6 7. f5 exf5 8. exf5 Ndf6 9. fxg6 hxg6 10. Bg5 Ne7 11. Qd2 Bf5 12. Bd3 Qd7 13. 0-0 0-0-0 14. b4 Rde8 15. b5 Bxd3 16. Qxd3 a5 17. b6 cxb6 18. Rab1 Qc6 19. Rb5 Nfd5 20. Nxd5 Nxd5 21. Rfb1 Rh5 22. Bd2 Re7 23. c4 Nb4 24. Bxb4 axb4 25. R5xb4 Rc7 26. Rxb6 Qxa4 27. Qe2 d5 28. R6b4 Qd7 29. c5 Rf5 30. Ra1 Kd8 31. Ra8+ Rc8 32. Qa2 Rf4 33. Rxc8+ Qxc8 34. Qxd5+ Ke8 35. Rxb7 Kf8 36. Qd6+ 1-0

[Event "Oberliga Bayern 0506"]
[Site "Bayern"]
[Date "2005.11.13"]
[Round "2.1"]
[White "Fedorovsky, Michael"]
[Black "Feustel, Bernd"]
[Result "1/2-1/2"]
[WhiteElo "2357"]
[BlackElo "2266"]
[PlyCount "82"]
[EventDate "2005.10.23"]
[EventType "team-tourn"]
[EventRounds "9"]
[EventCountry "GER"]
[SourceTitle "EXT 2007"]
[Source "ChessBase"]
[SourceDate "2006.11.23"]
[SourceVersion "1"]
[SourceVersionDate "2006.11.23"]
[SourceQuality "1"]
[WhiteTeam "Muenchen Tarrasch"]
[BlackTeam "Bad Koenigshofen"]
[WhiteTeamCountry "GER"]
[BlackTeamCountry "GER"]

1. d4 g6 2. e4 Bg7 3. c3 d6 4. Bd3 Nd7 5. Bg5 h6 6. Bh4 c5 7. Ne2 Qb6 8. Qb3 cxd4 9. Qxb6 dxc3 10. Qxa7 Rxa7 11. Nbxc3 g5 12. Bg3 Nc5 13. Bc2 Bd7 14. 0-0 b5 15. f3 b4 16. Nd5 Bb5 17. Rfe1 Bxe2 18. Rxe2 Bxb2 19. Rb1 Rxa2 20. Nxb4 Bd4+ 21. Kf1 Ra8 22. Nc6 Bc3 23. e5 dxe5 24. Nxe5 Nf6 25. Nc6 e6 26. Rb5 Ra1+ 27. Kf2 Nfd7 28. Bd6 Ra6 29. Rxc5 Nxc5 30. Bxc5 Rxc6 31. Ba4 Kd7 32. Rc2 Be5 33. Ba3 Rhc8 34. g3 Bd6 35. Bb2 Bb4 36. Be5 f6 37. Bxf6 Kd6 38. Rxc6+ Rxc6 39. Bxc6 Kxc6 40. Bg7 h5 41. Bf6 Bd2 1/2-1/2

[Event "Bad Woerishofen op 11th"]
[Site "Bad Woerishofen"]
[Date "1995.??.??"]
[Round "8"]
[White "Bezold, Michael"]
[Black "Feustel, Bernd"]
[Result "0-1"]
[WhiteElo "2495"]
[BlackElo "2300"]
[PlyCount "96"]
[EventDate "1995.03.10"]
[EventType "swiss"]
[EventRounds "9"]
[EventCountry "GER"]
[SourceTitle "CBM 047 Extra"]
[Source "ChessBase"]
[SourceDate "1995.09.01"]
[SourceVersion "1"]
[SourceVersionDate "1995.09.01"]
[SourceQuality "1"]

1. g3 c5 2. Bg2 Nc6 3. e4 g6 4. f4 Bg7 5. d3 d6 6. Nf3 Bd7 7. c3 Qc8 8. h3 b5 9. a3 Rb8 10. Be3 a5 11. Nbd2 b4 12. d4 bxc3 13. bxc3 a4 14. Rb1 Rxb1 15. Qxb1 cxd4 16. cxd4 Nf6 17. g4 0-0 18. 0-0 Qa6 19. Rc1 Rb8 20. Qc2 Na5 21. Bf1 Qa8 22. Rb1 Rc8 23. Qd3 d5 24. Ng5 h6 25. e5 hxg5 26. exf6 exf6 27. fxg5 f5 28. Bg2 Qc6 29. Nf3 fxg4 30. hxg4 Bxg4 31. Rc1 Qd6 32. Rxc8+ Bxc8 33. Ne5 Ba6 34. Qd1 Qxa3 35. Bf2 Bb7 36. Qg4 Qc1+ 37. Kh2 Bc8 38. Qg3 Be6 39. Nd3 Qc6 40. Nc5 Nc4 41. Qb8+ Bf8 42. Bg3 Kg7 43. Qa7 a3 44. Bf1 Qb6 45. Nxe6+ Qxe6 46. Bxc4 dxc4 47. Be5+ Kh7 48. Qa8 Bg7 0-1

[Event "Wuerzburg op 11th"]
[Site "Wuerzburg"]
[Date "1995.??.??"]
[Round "7"]
[White "Bezold, Michael"]
[Black "Feustel, Bernd"]
[Result "1-0"]
[WhiteElo "2495"]
[BlackElo "2300"]
[PlyCount "79"]
[EventDate "1995.??.??"]
[EventType "swiss"]
[EventRounds "7"]
[EventCountry "GER"]
[SourceTitle "EXT 2000"]
[Source "ChessBase"]
[SourceDate "1999.11.16"]
[SourceVersion "1"]
[SourceVersionDate "1999.11.16"]
[SourceQuality "1"]

1. b3 c5 2. Bb2 b6 3. c4 Bb7 4. Nf3 Nf6 5. g3 g6 6. Bxf6 exf6 7. Bg2 Bg7 8. Nc3 f5 9. 0-0 Bxc3 10. dxc3 Qf6 11. Qd2 Na6 12. Rad1 0-0-0 13. Qd6 Qxd6 14. Rxd6 Bxf3 15. Bxf3 Rhe8 16. a4 Re6 17. Rd2 Kc7 18. Bd5 Rf6 19. Ra1 Nb8 20. a5 Nc6 21. axb6+ axb6 22. h4 f4 23. Kg2 fxg3 24. Kxg3 h6 25. e4 g5 26. hxg5 hxg5 27. Bxc6 Kxc6 28. Ra7 Rf4 29. f3 f5 30. e5 d5 31. exd6 Rd7 32. Rxd7 Kxd7 33. Rd5 Rh4 34. Rxf5 Kxd6 35. Rxg5 Rh1 36. Rd5+ Ke6 37. b4 Rc1 38. bxc5 bxc5 39. Rxc5 Rxc3 40. Kf4 1-0

[Event "Passau op 3rd"]
[Site "Passau"]
[Date "1995.??.??"]
[Round "?"]
[White "Feustel, Bernd"]
[Black "Krausser, Helmut"]
[Result "1-0"]
[WhiteElo "2300"]
[BlackElo "2190"]
[PlyCount "49"]
[EventDate "1995.04.14"]
[EventType "swiss"]
[EventRounds "7"]
[EventCountry "GER"]
[SourceTitle "EXT 1999"]
[Source "ChessBase"]
[SourceDate "1998.11.16"]
[SourceVersion "1"]
[SourceVersionDate "1998.11.16"]
[SourceQuality "1"]

1. Nf3 Nf6 2. c4 g6 3. g3 Bg7 4. Bg2 d6 5. d4 0-0 6. 0-0 Nc6 7. b3 e5 8. Bb2 Nd7 9. dxe5 Ndxe5 10. Nxe5 Nxe5 11. Nc3 c6 12. Qd2 f5 13. Rad1 Nf7 14. e4 Qc7 15. Rfe1 Bd7 16. c5 Rad8 17. cxd6 Qb8 18. f4 fxe4 19. Nxe4 Bg4 20. Bxg7 Kxg7 21. Qd4+ Kh6 22. Rd3 Bf5 23. g4 Bxg4 24. Ree3 Nxd6 25. Nxd6 1-0

[Event "Bad Woerishofen op 11th"]
[Site "Bad Woerishofen"]
[Date "1995.??.??"]
[Round "5"]
[White "Feustel, Bernd"]
[Black "Maugg, Ludwig"]
[Result "1-0"]
[WhiteElo "2300"]
[BlackElo "2000"]
[PlyCount "105"]
[EventDate "1995.03.10"]
[EventType "swiss"]
[EventRounds "9"]
[EventCountry "GER"]
[SourceTitle "CBM 047 Extra"]
[Source "ChessBase"]
[SourceDate "1995.09.01"]
[SourceVersion "1"]
[SourceVersionDate "1995.09.01"]
[SourceQuality "1"]

1. Nf3 Nf6 2. c4 g6 3. g3 Bg7 4. Bg2 d6 5. d4 0-0 6. 0-0 Nbd7 7. d5 e5 8. dxe6 fxe6 9. Nc3 a5 10. h3 Qe7 11. Be3 Nc5 12. Qc2 Rb8 13. Rad1 e5 14. Nd5 Nxd5 15. cxd5 Bf5 16. Qc1 b6 17. b3 Bd7 18. Nd2 Rbc8 19. Nc4 Bb5 20. h4 Rce8 21. Bxc5 bxc5 22. e4 a4 23. bxa4 Bxa4 24. Rd3 Rb8 25. Rc3 Ra8 26. Qd2 Rfb8 27. Rf3 Rb4 28. Rc1 Bb5 29. Rfc3 Rba4 30. R1c2 h5 31. Bf1 Bd7 32. Rb3 Kh7 33. Rb7 Bc8 34. Rbb2 Bh6 35. Qd1 Bg4 36. Be2 Bc8 37. Qb1 Qf6 38. Rb8 Qe7 39. Rcb2 R4a7 40. Rxa8 Rxa8 41. Rb8 Rxb8 42. Qxb8 Ba6 43. Qa7 Bxc4 44. Bxc4 Bd2 45. a4 g5 46. hxg5 Bxg5 47. a5 h4 48. Qb8 hxg3 49. fxg3 Be3+ 50. Kg2 Qf7 51. Qb2 Qg6 52. Qb1 c6 53. dxc6 1-0

[Event "St Ingbert op"]
[Site "St Ingbert"]
[Date "1995.??.??"]
[Round "6"]
[White "Horvath, Gabor"]
[Black "Feustel, Bernd"]
[Result "1/2-1/2"]
[WhiteElo "2325"]
[BlackElo "2335"]
[PlyCount "40"]
[EventDate "1995.08.??"]
[EventType "swiss"]
[EventRounds "9"]
[EventCountry "GER"]
[SourceTitle "EXT 1997"]
[Source "ChessBase"]
[SourceDate "1996.11.15"]
[SourceVersion "1"]
[SourceVersionDate "1996.11.15"]
[SourceQuality "1"]

1. d4 g6 2. e4 Bg7 3. c4 d6 4. Nc3 Nd7 5. Nf3 e6 6. Bg5 Ne7 7. Qd2 h6 8. Be3 b6 9. Be2 Bb7 10. h3 f5 11. exf5 gxf5 12. g4 Nf6 13. Rg1 Ne4 14. Nxe4 fxe4 15. Nh2 c5 16. 0-0-0 Nc6 17. dxc5 dxc5 18. Qxd8+ Rxd8 19. Rxd8+ Kxd8 20. Nf1 Ke7 1/2-1/2

[Event "BL2-Sued 9293"]
[Site "Germany"]
[Date "1993.??.??"]
[Round "?.5"]
[White "Feustel, Bernd"]
[Black "Bosbach, Gerhard"]
[Result "1/2-1/2"]
[WhiteElo "2325"]
[BlackElo "2245"]
[PlyCount "54"]
[EventDate "1992.10.??"]
[EventType "team-tourn"]
[EventRounds "9"]
[EventCountry "GER"]
[SourceTitle "GER-chT2"]
[Source "ChessBase"]
[SourceDate "1999.07.01"]
[SourceVersion "1"]
[SourceVersionDate "1999.07.01"]
[SourceQuality "1"]
[WhiteTeam "Goeggingen"]
[BlackTeam "Eppingen"]
[WhiteTeamCountry "GER"]
[BlackTeamCountry "GER"]

1. Nf3 Nf6 2. c4 c6 3. b3 d5 4. Bb2 Bf5 5. g3 e6 6. Bg2 Nbd7 7. 0-0 Be7 8. d3 h6 9. Nbd2 Bh7 10. a3 a5 11. Ra2 0-0 12. Qa1 Re8 13. Rc1 Bd6 14. Ne5 Nxe5 15. Bxe5 Bxe5 16. Qxe5 Qb6 17. c5 Qd8 18. Nf3 Nd7 19. Qd6 Bf5 20. Nd4 e5 21. e4 dxe4 22. dxe4 Bxe4 23. Bxe4 exd4 24. Qxd4 Nxc5 25. Qxd8 Raxd8 26. Rxc5 Rxe4 27. Rxa5 Rd1+ 1/2-1/2

[Event "BL2-Sued 9293"]
[Site "Germany"]
[Date "1992.??.??"]
[Round "?.7"]
[White "Raupp, Thomas"]
[Black "Feustel, Bernd"]
[Result "1-0"]
[WhiteElo "2330"]
[BlackElo "2325"]
[PlyCount "55"]
[EventDate "1992.10.??"]
[EventType "team-tourn"]
[EventRounds "9"]
[EventCountry "GER"]
[SourceTitle "GER-chT2"]
[Source "ChessBase"]
[SourceDate "1999.07.01"]
[SourceVersion "1"]
[SourceVersionDate "1999.07.01"]
[SourceQuality "1"]
[WhiteTeam "Zaehringen"]
[BlackTeam "Goeggingen"]
[WhiteTeamCountry "GER"]
[BlackTeamCountry "GER"]

1. d4 Nf6 2. c4 c5 3. d5 d6 4. Nc3 g6 5. e4 Bg7 6. Nge2 0-0 7. Ng3 e6 8. Be2 exd5 9. cxd5 a6 10. a4 Nbd7 11. 0-0 Re8 12. f3 Rb8 13. Be3 h5 14. Nh1 Nh7 15. Nf2 f5 16. Qd2 Qe7 17. Rfe1 g5 18. f4 g4 19. Bd3 Bxc3 20. bxc3 Qf7 21. c4 Ndf8 22. e5 b6 23. e6 Nxe6 24. dxe6 Bxe6 25. Qc2 Nf6 26. Bxf5 Bxc4 27. Bg6 Qe6 28. Bd2 1-0